[Event "XXXIII MIEDZYNARODOWE SZACHOWE MISTRZOSTWA MALOPOLSKI - Grupa A"]
[Site "Hotel Galaxy, ul. Gesia 22a, Krakow"]
[Date "1899-12-30"]
[Round "3.17"]
[White "Poysti, Nathanael"]
[Black "Budzisz, Adrian"]
[Result "0-1"]
[WhiteTitle ""]
[BlackTitle "k"]
[WhiteElo "2131"]
[BlackElo "2049"]

1. c4 c6 2. g3 d5 3. Nf3 Nf6 4. Bg2 e6 5. b3 Bd6 6. Bb2 Nbd7 7. d4 O-O 8. O-O Re8
9. Nc3 dxc4 10. bxc4 e5 11. e3 Qe7 12. Rb1 h6 13. Qc2 Nh7 14. Nh4 Ndf6 15. Nf5
Bxf5 16. Qxf5 e4 17. h4 g6 18. Qh3 h5 19. Rbe1 Bb4 20. Re2 b5 21. cxb5 Bxc3 22.
Bxc3 Nd5 23. Be1 cxb5 24. g4 Nhf6 25. g5 Ng4 26. Bd2 Qe6 27. f3 exf3 28. Rxf3
Rac8 29. Bh1 Rc2 30. Qf1 Rxa2 31. Qb1 Nc3 32. Bxc3 Rxe2 0-1

[Event "XXXIII MIEDZYNARODOWE SZACHOWE MISTRZOSTWA MALOPOLSKI - Grupa A"]
[Site "Hotel Galaxy, ul. Gesia 22a, Krakow"]
[Date "1899-12-30"]
[Round "3.18"]
[White "Dylag, Emilia"]
[Black "Czarnecka, Lidia"]
[Result "1/2-1/2"]
[WhiteTitle "WFM"]
[BlackTitle "WCM"]
[WhiteElo "2095"]
[BlackElo "2027"]

1. d4 d5 2. c4 c6 3. Nf3 Nf6 4. g3 Bf5 5. Nc3 e6 6. Nh4 Be4 7. f3 Bg6 8. Nxg6 hxg6
9. e4 dxe4 10. fxe4 e5 11. d5 Bc5 12. Qe2 Nbd7 13. Bg2 Qb6 14. Bd2 Bd4 15. Rb1
a5 16. Na4 Qc7 17. Be3 Bxe3 18. Qxe3 cxd5 19. exd5 Qxc4 20. Nc3 O-O 21. b3 Qb4
22. O-O Ng4 23. Qf3 Qb6+ 24. Kh1 Ne3 25. Rfe1 Nxg2 26. Qxg2 Rac8 27. Ne4 Nf6 28.
Ng5 Qd6 29. Rbd1 Rc5 30. Ne4 Nxe4 31. Qxe4 Re8 32. g4 Qd7 33. Rf1 Rd8 34. Qxe5
Rxd5 35. Rxd5 Qxd5+ 36. Qxd5 Rxd5 37. Rf2 f6 38. Kg2 Kf7 39. Rc2 Ke6 40. Kf3 g5
41. Rc7 Rd2 42. Rxb7 Rxa2 43. h3 Rh2 44. Kg3 Rb2 45. Rb5 Ra2 46. Kf3 Rh2 47. Kg3
Rb2 48. Kf3 Rh2 49. Kg3 Ra2 50. Kf3 Ra3 51. Ke4 a4 52. Rb6+ Kf7 53. bxa4 Rxa4+
54. Kf3 Kg6 55. Kg3 Kh6 56. Rc6 Rf4 57. Ra6 g6 58. Rb6 f5 59. gxf5 Rxf5 60. Rb8
1/2-1/2

[Event "XXXIII MIEDZYNARODOWE SZACHOWE MISTRZOSTWA MALOPOLSKI - Grupa A"]
[Site "Hotel Galaxy, ul. Gesia 22a, Krakow"]
[Date "1899-12-30"]
[Round "3.20"]
[White "Cichon, Jakub"]
[Black "Zarnowski, Krzysztof"]
[Result "0-1"]
[WhiteTitle "I+"]
[BlackTitle "I++"]
[WhiteElo "1937"]
[BlackElo "2079"]

1. e4 c6 2. d4 d5 3. Nc3 dxe4 4. Nxe4 Nd7 5. Nf3 Ngf6 6. Ng3 e6 7. Bd3 Bd6 8. O-O
O-O 9. Re1 c5 10. c4 Qc7 11. a3 b6 12. Ne4 Bf4 13. b4 cxd4 14. Bxf4 Qxf4 15. g3
Qb8 16. Nxd4 Bb7 17. Qc2 Rd8 18. c5 Ne5 19. Nxf6+ gxf6 20. Bxh7+ Kf8 21. f4 Rxd4
22. fxe5 Qd8 23. c6 Rc8 24. Be4 f5 25. Bf3 Rd2 26. Qc4 Bxc6 27. Bxc6 Rxc6 28.
Qxc6 Qd4+ 29. Kh1 Qf2 30. Qd6+ Kg7 31. Qxd2 Qxd2 32. Rad1 Qc3 33. Ra1 b5 34. Kg2
Kg6 35. Kf2 Qb2+ 36. Kg1 Kg5 37. Rad1 Qxa3 38. Rd4 Qc3 39. h4+ Kh5 40. Red1 Qxg3+
41. Kh1 Qxe5 42. Rd8 Qe4+ 43. Kg1 Qg4+ 44. Kf1 Qxb4 45. R1d4 Qb1+ 46. Kg2 Qc2+
47. Kh3 Qc3+ 48. Rd3 Qf6 49. Kg2 f4 50. Rg8 Qb2+ 51. Kf3 e5 52. Rdd8 f5 53. Rg7
e4+ 54. Kxf4 Qxg7 0-1

[Event "XXXIII MIEDZYNARODOWE SZACHOWE MISTRZOSTWA MALOPOLSKI - Grupa A"]
[Site "Hotel Galaxy, ul. Gesia 22a, Krakow"]
[Date "1899-12-30"]
[Round "3.21"]
[White "Lecki, Leonard"]
[Black "Kasperek, Ryszard"]
[Result "1-0"]
[WhiteTitle "I+"]
[BlackTitle "m"]
[WhiteElo "1914"]
[BlackElo "2065"]

1. e4 c5 2. Nf3 e6 3. d4 cxd4 4. Nxd4 a6 5. Qf3 Qb6 6. Nb3 Qc7 7. Nc3 Nc6 8. Bf4
Ne5 9. Qg3 d6 10. O-O-O Nf6 11. Be2 Bd7 12. Rhe1 b5 13. a3 Rb8 14. Rd4 Nc4 15.
Bxc4 bxc4 16. Rxd6 Qb7 17. Rxd7 Nxd7 18. Bxb8 cxb3 19. Bc7 bxc2 20. Kxc2 h5 21.
Ba5 Nb6 22. Rd1 Rh6 23. Qe5 Nd7 24. Qd4 Bc5 25. Qxg7 Rf6 26. Qh8+ Bf8 27. Rxd7
Rxf2+ 28. Rd2 Rxd2+ 29. Kxd2 Qxb2+ 30. Kd3 Qxa3 31. Qxh5 Bc5 32. Qh8+ Bf8 33.
Qe5 Bd6 34. Qd4 Be7 35. Qa4+ 1-0

[Event "XXXIII MIEDZYNARODOWE SZACHOWE MISTRZOSTWA MALOPOLSKI - Grupa A"]
[Site "Hotel Galaxy, ul. Gesia 22a, Krakow"]
[Date "1899-12-30"]
[Round "3.22"]
[White "Kaliszuk, Kamil"]
[Black "Makhynia, Kostiantyn"]
[Result "1-0"]
[WhiteTitle "k"]
[BlackTitle "I"]
[WhiteElo "2249"]
[BlackElo "2015"]

1. e4 c5 2. Nf3 Nc6 3. Bb5 e5 4. O-O Bd6 5. c3 a6 6. Bd3 Nge7 7. Bc2 O-O 8. h3
Ng6 9. d4 cxd4 10. cxd4 Nh4 11. Nxe5 Nxe5 12. dxe5 Bxe5 13. Nc3 Ng6 14. f4 Bb8
15. Be3 b6 16. Nd5 Ba7 17. f5 Ne5 18. f6 Re8 19. Qh5 Bb7 20. fxg7 Bxd5 21. exd5
Ng6 22. Rxf7 Re7 23. Bxg6 hxg6 24. Qh8+ Kxf7 25. Rf1# 1-0

[Event "XXXIII MIEDZYNARODOWE SZACHOWE MISTRZOSTWA MALOPOLSKI - Grupa A"]
[Site "Hotel Galaxy, ul. Gesia 22a, Krakow"]
[Date "1899-12-30"]
[Round "3.23"]
[White "Muller, Maxime"]
[Black "Markowski, Damian"]
[Result "0-1"]
[WhiteTitle ""]
[BlackTitle "FM"]
[WhiteElo "1974"]
[BlackElo "2160"]

1. e4 e5 2. Nf3 Nc6 3. Bb5 a6 4. Ba4 Nf6 5. Qe2 d6 6. c3 Bg4 7. h3 Bh5 8. d3 Be7
9. Nbd2 O-O 10. O-O Nd7 11. Re1 Nc5 12. Bc2 Re8 13. Nf1 d5 14. Ne3 d4 15. Nf5
Bg6 16. Nxe7+ Qxe7 17. cxd4 exd4 18. a3 a5 19. Bd2 a4 20. Bb4 Ra6 21. Qd1 Rea8
22. Qd2 Rb6 23. Rec1 Nxb4 24. axb4 Ne6 25. b5 Rxb5 26. Rxa4 Rxa4 27. Bxa4 Rb6
28. Rc4 Qd6 29. b4 Bh5 30. g4 Bg6 31. b5 h5 32. Rb4 c5 33. Rb2 c4 34. dxc4 Bxe4
35. Qe2 Qf4 36. Nd2 Ng5 37. Nxe4 Nxe4 38. f3 Qc1+ 39. Kg2 d3 40. Qxe4 Qxb2+ 41.
Kg3 h4+ 42. Kxh4 Qf2+ 43. Kg5 Rg6+ 44. Kf4 Rf6+ 45. Kg5 Qd2+ 46. f4 Rg6+ 47. Kf5
Qe2 48. Qd5 Rf6+ 49. Kg5 Qe7 0-1

[Event "XXXIII MIEDZYNARODOWE SZACHOWE MISTRZOSTWA MALOPOLSKI - Grupa A"]
[Site "Hotel Galaxy, ul. Gesia 22a, Krakow"]
[Date "1899-12-30"]
[Round "3.24"]
[White "Sliwicki, Damian"]
[Black "Mirski, Michal"]
[Result "0-1"]
[WhiteTitle "CM"]
[BlackTitle "I++"]
[WhiteElo "2158"]
[BlackElo "1986"]

1. e4 c5 2. Nc3 a6 3. Nge2 b5 4. d4 cxd4 5. Nxd4 Bb7 6. Bd3 e6 7. O-O d6 8. f4
Nf6 9. Qf3 Nbd7 10. f5 e5 11. Nb3 b4 12. Ne2 h5 13. Bg5 Qb6+ 14. Kh1 d5 15. Qg3
h4 16. Bxh4 Be7 17. Bxf6 Nxf6 18. Nd2 dxe4 19. Bc4 O-O-O 20. Rfd1 e3 21. Nf1 Rxd1
22. Rxd1 Ne4 23. Qxg7 Bf6 24. Qxf7 Nf2+ 25. Kg1 Nxd1 26. Be6+ Kb8 27. Qxf6 Rd8
28. Qxe5+ Ka8 29. f6 Qc6 30. Bh3 Nf2 31. Nxe3 Nxh3+ 32. Kf1 Re8 33. Nd4 Rxe5 34.
Nxc6 Bxc6 35. f7 Bb5+ 36. Ke1 Rxe3+ 37. Kd1 Nf2+ 38. Kd2 Re2+ 39. Kc1 Re1+ 40.
Kd2 Rd1+ 0-1

[Event "XXXIII MIEDZYNARODOWE SZACHOWE MISTRZOSTWA MALOPOLSKI - Grupa A"]
[Site "Hotel Galaxy, ul. Gesia 22a, Krakow"]
[Date "1899-12-30"]
[Round "3.25"]
[White "Triadu Cassa, Jordi"]
[Black "Sygulski, Piotr"]
[Result "1-0"]
[WhiteTitle "CM"]
[BlackTitle "I+"]
[WhiteElo "2150"]
[BlackElo "1981"]

1. e4 e5 2. Nf3 Nf6 3. Nxe5 d6 4. Nf3 Nxe4 5. d4 d5 6. Bd3 Bd6 7. O-O O-O 8. Re1
Re8 9. c4 c6 10. Qc2 Bg4 11. Ne5 Bf5 12. Nc3 Nd7 13. f3 Qh4 14. Be3 Nxc3 15. Bxf5
Nxe5 16. dxe5 Bxe5 17. g3 Bxg3 18. hxg3 Qxg3+ 19. Qg2 Qe5 20. Qh3 g6 21. bxc3
Qxc3 22. Bf2 gxf5 23. cxd5 cxd5 24. Qxf5 Qg7+ 25. Kf1 Qh6 26. Qg4+ Kh8 27. Qh4
Qa6+ 28. Kg1 Rg8+ 29. Kh1 Rg6 30. Bd4+ Kg8 31. Rg1 Re8 32. Rae1 Qc6 33. Qf6 1-0

[Event "XXXIII MIEDZYNARODOWE SZACHOWE MISTRZOSTWA MALOPOLSKI - Grupa A"]
[Site "Hotel Galaxy, ul. Gesia 22a, Krakow"]
[Date "1899-12-30"]
[Round "3.26"]
[White "Kubica, Kamil"]
[Black "Gorniewicz, Oskar"]
[Result "1-0"]
[WhiteTitle "k"]
[BlackTitle "I"]
[WhiteElo "2139"]
[BlackElo "1904"]

1. d4 Nf6 2. c4 g6 3. Nc3 Bg7 4. e4 d6 5. f3 O-O 6. Bg5 Nfd7 7. g4 Nc6 8. Nge2
h6 9. Be3 e5 10. d5 Ne7 11. Qd2 g5 12. h4 f6 13. Ng3 Ng6 14. hxg5 hxg5 15. Nf5
Rf7 16. Ne2 Ndf8 17. Neg3 Nf4 18. c5 N8g6 19. O-O-O Bxf5 20. Nxf5 Ne7 21. Ng3
b6 22. c6 Neg6 23. Ba6 Rb8 24. a4 Nh4 25. Qf2 Nfg6 26. Ne2 Bf8 27. Nc3 Rh7 28.
Nb5 Nf4 29. Kc2 Qe8 30. b4 Qg6 31. Bxf4 exf4 32. Nd4 Qe8 33. Ne6 Qg6 34. Nxf4
gxf4 35. Rxh4 Rxh4 36. Qxh4 Qg5 37. Rh1 Bg7 38. Qh7+ Kf7 39. Qf5 Qxf5 40. exf5
Re8 41. Bd3 Re3 42. Rh3 Re1 43. Be4 Re3 44. Kb2 Ke7 45. Rh1 Kf7 46. b5 Kf8 47.
a5 bxa5 48. Ra1 Bh6 49. Kc2 Re2+ 50. Kd3 Re3+ 51. Kc4 Bg5 52. Rxa5 Bh4 53. Rxa7
Be1 54. Rxc7 Rc3+ 55. Kd4 Rb3 56. Rb7 Ba5 1-0

[Event "XXXIII MIEDZYNARODOWE SZACHOWE MISTRZOSTWA MALOPOLSKI - Grupa A"]
[Site "Hotel Galaxy, ul. Gesia 22a, Krakow"]
[Date "1899-12-30"]
[Round "3.27"]
[White "Kozlowski, Franciszek"]
[Black "Hnatyshyn, Anastasiia"]
[Result "1/2-1/2"]
[WhiteTitle "I+"]
[BlackTitle "WFM"]
[WhiteElo "1900"]
[BlackElo "2127"]

1. d4 d5 2. c4 e6 3. Nf3 Nf6 4. g3 Be7 5. Bg2 O-O 6. O-O dxc4 7. Qc2 a6 8. a4 Bd7
9. Ne5 Bc6 10. Nxc6 Nxc6 11. e3 Na5 12. Nd2 c5 13. dxc5 Rc8 14. b4 cxb3 15. Nxb3
Nd7 16. Nxa5 Qxa5 17. Bxb7 Rxc5 18. Qd2 Qc7 19. Bg2 Nb6 20. Ba3 Nc4 21. Qa2 Nxa3
22. Qxa3 a5 23. Rac1 Rd8 24. Rxc5 Qxc5 25. Qxc5 Bxc5 26. Rc1 1/2-1/2

[Event "XXXIII MIEDZYNARODOWE SZACHOWE MISTRZOSTWA MALOPOLSKI - Grupa A"]
[Site "Hotel Galaxy, ul. Gesia 22a, Krakow"]
[Date "1899-12-30"]
[Round "3.28"]
[White "Rosol, Philip"]
[Black "Wnek, Filip"]
[Result "0-1"]
[WhiteTitle "II"]
[BlackTitle "I++"]
[WhiteElo "2002"]
[BlackElo "2057"]

1. d4 Nf6 2. c4 c5 3. d5 d6 4. Nc3 e5 5. e4 Be7 6. Be2 O-O 7. h3 Ne8 8. Bg4 g6
9. Bxc8 Qxc8 10. Nf3 Ng7 11. O-O Nd7 12. Bg5 Qd8 13. Bxe7 Qxe7 14. Qb3 Rab8 15.
Qa3 a6 16. b4 cxb4 17. Qxb4 Nc5 18. Qb2 f5 19. Qe2 Nh5 20. Qe3 Nf4 21. Kh2 Qf6
22. Nd2 Rbe8 23. f3 Qg5 24. g3 Nxh3 25. Qxg5 Nxg5 26. Kg2 Rf6 27. Rab1 Ref8 28.
Rb6 fxe4 29. Ncxe4 Ngxe4 30. fxe4 Rxf1 31. Nxf1 Nxe4 32. Rxb7 Rf2+ 33. Kg1 Rxa2
34. Ne3 Ra3 35. c5 Nxc5 36. Rb8+ Kg7 37. Nc4 Rxg3+ 38. Kf2 Rd3 39. Nxd6 Rxd5 40.
Nc4 e4 41. Rc8 Nd3+ 42. Ke3 Rc5 43. Rxc5 Nxc5 44. Kd4 Nb3+ 45. Kxe4 h5 46. Ne5
a5 47. Kd3 h4 48. Kc3 h3 49. Ng4 a4 50. Kb4 Nc5 0-1

[Event "XXXIII MIEDZYNARODOWE SZACHOWE MISTRZOSTWA MALOPOLSKI - Grupa A"]
[Site "Hotel Galaxy, ul. Gesia 22a, Krakow"]
[Date "1899-12-30"]
[Round "3.29"]
[White "Solano, Juan Pablo"]
[Black "Lewicki, Miroslaw"]
[Result "0-1"]
[WhiteTitle ""]
[BlackTitle "IM"]
[WhiteElo "1955"]
[BlackElo "2359"]

1. d4 Nf6 2. c4 e6 3. Nf3 d5 4. Nc3 Nbd7 5. Bg5 Be7 6. e3 O-O 7. Bd3 b6 8. O-O
Bb7 9. Rc1 h6 10. Bh4 c5 11. cxd5 exd5 12. dxc5 bxc5 13. Bb1 Rc8 14. Qb3 Qc7 15.
Bg3 Qc6 16. Nb5 c4 17. Qa4 Nc5 18. Qa5 Bd8 19. Nxa7 Bxa5 20. Nxc6 Rxc6 21. Nd4
Ra6 22. b3 Bd2 23. Rc2 c3 24. b4 Nce4 25. b5 Ra4 26. Bf4 Rxd4 27. exd4 Bxf4 28.
a4 Ra8 29. Ra2 Nd6 30. Bd3 Ra5 31. Re1 Kf8 32. g3 Bd2 33. Re2 Bc8 34. f3 Nd7 35.
g4 Nb6 36. Bc2 Nxb5 0-1

[Event "XXXIII MIEDZYNARODOWE SZACHOWE MISTRZOSTWA MALOPOLSKI - Grupa A"]
[Site "Hotel Galaxy, ul. Gesia 22a, Krakow"]
[Date "1899-12-30"]
[Round "3.30"]
[White "Kusiak, Mateusz"]
[Black "Orzechowski, Jacek"]
[Result "1-0"]
[WhiteTitle "I++"]
[BlackTitle "m"]
[WhiteElo "1943"]
[BlackElo "2139"]

1. e4 c6 2. d4 d5 3. e5 Bf5 4. h4 h6 5. g4 Bd7 6. Nc3 e6 7. Be3 Qc7 8. f4 c5 9.
dxc5 Bxc5 10. Qd2 Bxe3 11. Qxe3 h5 12. f5 hxg4 13. O-O-O Rh5 14. Nge2 Rxf5 15.
Nd4 Rxe5 16. Ndb5 Bxb5 17. Nxb5 Qc5 18. c3 Qxc3+ 19. Kc2 Rxe3+ 20. Nc7+ Kd7+ 21.
Nxa8 Nc6+ 22. Bb5 Kc8+ 23. Kd2 Re4+ 24. Rdf1 f5+ 25. Rc1 Rd4+ 26. Ke2 Nge7 27.
h5 Rb4 28. Bd3 Rxb2+ 29. Rc2 1-0

[Event "XXXIII MIEDZYNARODOWE SZACHOWE MISTRZOSTWA MALOPOLSKI - Grupa A"]
[Site "Hotel Galaxy, ul. Gesia 22a, Krakow"]
[Date "1899-12-30"]
[Round "4.1"]
[White "Bogdanov, Egor"]
[Black "Kacprzak, Karol"]
[Result "1-0"]
[WhiteTitle "IM"]
[BlackTitle "k+"]
[WhiteElo "2398"]
[BlackElo "2229"]

1. e4 c5 2. d4 cxd4 3. Qxd4 Nc6 4. Qd3 Nf6 5. Nc3 g6 6. Nf3 Bg7 7. Be2 O-O 8. O-O
d6 9. Nd5 Bg4 10. c3 Nd7 11. h3 Nde5 12. Nxe5 Nxe5 13. Qd1 Bxe2 14. Qxe2 e6 15.
Ne3 f5 16. exf5 gxf5 17. Nc4 Qc7 18. Nxe5 dxe5 19. Bg5 Rf7 20. Rad1 a6 21. Rd2
Re8 22. Rfd1 Bf8 23. Qh5 Qc6 24. Rd8 Rxd8 25. Rxd8 Rd7 26. Ra8 b5 27. Rb8 Rb7
28. Rxb7 Qxb7 29. Qe8 Qf7 30. Qb8 Qg7 31. Be3 Kf7 32. f3 Kg6 33. Qc8 Qe7 34. Qxa6
Qd7 35. Qa8 Bg7 36. Kh2 h6 37. Qg8 Qd5 38. h4 Qd7 39. Bc5 e4 40. Bf8 exf3 41.
Bxg7 Kh5 42. Qh7 Qd6+ 43. Kh3 Qf4 44. Qxh6+ Qxh6 45. Bxh6 f2 46. g4+ fxg4+ 47.
Kg2 Kxh6 48. Kxf2 1-0

[Event "XXXIII MIEDZYNARODOWE SZACHOWE MISTRZOSTWA MALOPOLSKI - Grupa A"]
[Site "Hotel Galaxy, ul. Gesia 22a, Krakow"]
[Date "1899-12-30"]
[Round "4.3"]
[White "Suder, Jakub"]
[Black "Zalega, Maciej"]
[Result "0-1"]
[WhiteTitle "FM"]
[BlackTitle "I++"]
[WhiteElo "2265"]
[BlackElo "2166"]

1. d4 Nf6 2. c4 g6 3. Nc3 Bg7 4. e4 d6 5. Be2 O-O 6. Nf3 e5 7. O-O Nc6 8. d5 Ne7
9. Ne1 Nd7 10. Nd3 f5 11. Bd2 Nf6 12. f3 a5 13. a3 Bd7 14. b4 Kh8 15. Kh1 Neg8
16. Nf2 Bh6 17. Bxh6 Nxh6 18. c5 f4 19. cxd6 cxd6 20. Nb5 axb4 21. axb4 Qb6 22.
Ra5 g5 23. Qa1 Rac8 24. Qb2 Rg8 25. Na3 g4 26. Nc4 Qc7 27. b5 g3 28. b6 Qb8 29.
Nd3 Rxc4 30. Nxe5 dxe5 31. Bxc4 Qe8 32. Kg1 gxh2+ 33. Kxh2 Nhg4+ 34. fxg4 Nxg4+
35. Kg1 Qh5 36. Rf2 Qh2+ 37. Kf1 Ne3+ 38. Ke2 Nxc4 39. Qc3 Qh5+ 40. Kf1 Qh2 41.
Qb2 Ne3+ 42. Ke1 Nc4 43. Qc3 0-1

[Event "XXXIII MIEDZYNARODOWE SZACHOWE MISTRZOSTWA MALOPOLSKI - Grupa A"]
[Site "Hotel Galaxy, ul. Gesia 22a, Krakow"]
[Date "1899-12-30"]
[Round "4.4"]
[White "Krawczyk, Wojciech"]
[Black "Bus, Konrad"]
[Result "0-1"]
[WhiteTitle "I++"]
[BlackTitle "k"]
[WhiteElo "1985"]
[BlackElo "2256"]

1. d4 d5 2. c4 c6 3. Nc3 Nf6 4. Nf3 dxc4 5. a4 Bf5 6. e3 e6 7. Bxc4 Bb4 8. O-O
O-O 9. h3 Nbd7 10. Nh4 Qe7 11. Qf3 Bg6 12. Nxg6 hxg6 13. Ne4 Rac8 14. b3 Nb6 15.
Nxf6+ Qxf6 16. Be2 Nd5 17. Bb2 Bc3 18. Bxc3 Nxc3 19. Rac1 Nxe2+ 20. Qxe2 e5 21.
dxe5 Qxe5 22. Rfd1 Rfd8 23. Qg4 Qc7 24. h4 Rxd1+ 25. Rxd1 Rd8 26. h5 Rxd1+ 27.
Qxd1 gxh5 28. Qxh5 Qd7 29. Qe2 a5 30. e4 b5 31. e5 Qd5 32. axb5 cxb5 33. Qe3 a4
34. bxa4 bxa4 35. Qa7 Qc6 36. Qb8+ Kh7 37. Qa7 Qc4 38. Qe3 g6 39. Qg5 Qa6 40.
e6 Qxe6 41. Qh4+ Kg7 42. Qxa4 Qe1+ 43. Kh2 Qxf2 44. Qc4 g5 45. Qc3+ Kg6 46. Qd3+
Kh6 47. Qc3 Kh5 48. Qh8+ Kg4 49. Qh3+ Kf4 50. Qd7 Qg3+ 51. Kg1 Qe3+ 52. Kh2 f5
53. Qa4+ Qe4 54. Qa3 g4 55. Qc1+ Qe3 56. Qc7+ Qe5 57. Qc1+ Ke4+ 58. g3 Qh8+ 59.
Kg1 Qd4+ 60. Kg2 Qd3 61. Qc6+ Ke3 62. Qc5+ Ke2 63. Qf2+ Kd1 64. Kg1 Qe4 65. Qc5
Qd3 66. Qe5 Kd2 67. Qa5+ Ke3 68. Qe5+ Kf3 69. Qf4+ Ke2 70. Qf1+ Kd2 71. Qf2+ Kd1
72. Qf4 Qe4 73. Qd6+ Ke1 74. Kh2 Qe2+ 75. Kg1 Qf2+ 76. Kh1 Qf3+ 77. Kg1 Ke2 78.
Qa6+ Qd3 79. Qa2+ Qd2 80. Qa6+ Kf3 81. Qc6+ Kxg3 82. Qd6+ Qxd6 0-1

[Event "XXXIII MIEDZYNARODOWE SZACHOWE MISTRZOSTWA MALOPOLSKI - Grupa A"]
[Site "Hotel Galaxy, ul. Gesia 22a, Krakow"]
[Date "1899-12-30"]
[Round "4.5"]
[White "Licznerski, Lukasz"]
[Black "Malik, Maciej"]
[Result "1/2-1/2"]
[WhiteTitle "IM"]
[BlackTitle "k"]
[WhiteElo "2460"]
[BlackElo "2045"]

1. e4 d6 2. d4 Nf6 3. Nc3 g6 4. Be3 c6 5. Qd2 b5 6. Bd3 Nbd7 7. Nf3 e5 8. O-O a6
9. a4 Bb7 10. axb5 cxb5 11. Qe2 Bg7 12. d5 O-O 13. Nd2 Nh5 14. g3 Nc5 15. Nb3
Nxb3 16. cxb3 Qe8 17. f3 Qe7 18. b4 Rac8 19. Rae1 Kh8 20. Na2 f5 21. Bd2 fxe4
22. fxe4 Rxf1+ 23. Rxf1 Rf8 24. Qe3 Bc8 25. Kg2 h6 26. Nc1 g5 27. Nb3 Rf7 28.
Rc1 Bg4 29. Rf1 Qd7 30. Rxf7 Bh3+ 31. Kg1 Qxf7 32. Na5 Nf6 33. Qf2 Qh5 34. Bc2
Qg6 35. Nc6 Nxd5 36. Be1 Nf6 37. Qa7 Nd7 38. Ne7 Qe6 39. Nf5 Qc4 40. Qf2 Bxf5
41. exf5 e4 42. Bc3 Bxc3 1/2-1/2

[Event "XXXIII MIEDZYNARODOWE SZACHOWE MISTRZOSTWA MALOPOLSKI - Grupa A"]
[Site "Hotel Galaxy, ul. Gesia 22a, Krakow"]
[Date "1899-12-30"]
[Round "4.6"]
[White "Zarnowski, Krzysztof"]
[Black "Razin, Vadim"]
[Result "1-0"]
[WhiteTitle "I++"]
[BlackTitle ""]
[WhiteElo "2079"]
[BlackElo "2407"]

1. d4 d5 2. c4 e6 3. Nf3 dxc4 4. e3 Nf6 5. Bxc4 a6 6. a4 c5 7. O-O Nc6 8. Nc3 Be7
9. dxc5 Qc7 10. b3 Bxc5 11. Bb2 O-O 12. Qe2 Bd7 13. Rfd1 Rac8 14. Rac1 Nb4 15.
h3 Rfd8 16. Nb1 Bc6 17. Ne5 Rxd1+ 18. Rxd1 Bd5 19. Nd2 Bd6 20. Nd3 Nxd3 21. Bxd3
Bh2+ 22. Kh1 Be5 23. Rc1 Bc6 24. Ba3 Qd8 25. Nc4 Bb8 26. Rd1 Nd5 27. Bb2 Qg5 28.
Qg4 Qh6 29. Kg1 b5 30. Na5 f5 31. Qe2 Ba8 32. Rc1 Rxc1+ 33. Bxc1 Bc7 34. Qc2 Qg5
35. e4 Nf4 36. g3 Nxh3+ 37. Kg2 Qd8 38. Nc6 Qd6 39. axb5 Nxf2 40. Kxf2 Qxg3+ 41.
Ke2 axb5 42. Bxb5 Qg2+ 43. Kd1 Qf3+ 44. Ke1 Bg3+ 45. Kd2 Bf4+ 46. Ke1 Qg3+ 47.
Kf1 Qh3+ 48. Kg1 Qg3+ 49. Kf1 Bxc1 50. Qxc1 Qxb3 51. Nd4 Qh3+ 52. Ke1 Qg3+ 53.
Kd2 Qf4+ 54. Kd1 Qg4+ 55. Kd2 Qf4+ 56. Kd1 Bb7 57. Qxf4 1-0

[Event "XXXIII MIEDZYNARODOWE SZACHOWE MISTRZOSTWA MALOPOLSKI - Grupa A"]
[Site "Hotel Galaxy, ul. Gesia 22a, Krakow"]
[Date "1899-12-30"]
[Round "4.7"]
[White "Kaim, Piotr"]
[Black "Mis, Mieszko"]
[Result "0-1"]
[WhiteTitle "m"]
[BlackTitle "FM"]
[WhiteElo "2167"]
[BlackElo "2364"]

1. Nf3 c5 2. b3 d6 3. c4 e5 4. Nc3 Nc6 5. e3 g6 6. Bb2 Bg7 7. d3 Nge7 8. Be2 O-O
9. e4 f5 10. Nd5 h6 11. Qd2 a6 12. h4 b5 13. exf5 Nxf5 14. Nc3 Rb8 15. Ne4 Qe7
16. O-O-O Be6 17. g4 Nfd4 18. Nxd4 cxd4 19. Kb1 a5 20. Ba3 Rfd8 21. c5 b4 22.
cxd6 Qf7 23. Bb2 a4 24. Rc1 Rb6 25. Rc5 axb3 26. Rhc1 Qa7 27. axb3 Bxb3 28. Ba1
Ra8 29. Qb2 Qa4 30. Rg1 Rba6 0-1

[Event "XXXIII MIEDZYNARODOWE SZACHOWE MISTRZOSTWA MALOPOLSKI - Grupa A"]
[Site "Hotel Galaxy, ul. Gesia 22a, Krakow"]
[Date "1899-12-30"]
[Round "4.8"]
[White "Trybus, Daniel"]
[Black "Wiewiora, Eneasz"]
[Result "0-1"]
[WhiteTitle "k"]
[BlackTitle "FM"]
[WhiteElo "2014"]
[BlackElo "2314"]

1. e4 e5 2. Nf3 Nc6 3. Bc4 Nf6 4. d4 exd4 5. e5 d5 6. Bd3 Ne4 7. Nbd2 Nc5 8. Bb5
Bd7 9. Nb3 Nxb3 10. axb3 Bb4+ 11. Bd2 Bxd2+ 12. Qxd2 Nxe5 13. Bxd7+ Nxd7 14. Qxd4
O-O 15. Rxa7 Re8+ 16. Kd1 Re4 0-1

[Event "XXXIII MIEDZYNARODOWE SZACHOWE MISTRZOSTWA MALOPOLSKI - Grupa A"]
[Site "Hotel Galaxy, ul. Gesia 22a, Krakow"]
[Date "1899-12-30"]
[Round "4.9"]
[White "Budzisz, Adrian"]
[Black "Kyc, Jerzy"]
[Result "0-1"]
[WhiteTitle "k"]
[BlackTitle "m"]
[WhiteElo "2049"]
[BlackElo "2276"]

1. e4 c5 2. Nf3 d6 3. Bb5+ Bd7 4. Bxd7+ Qxd7 5. c4 g6 6. d4 cxd4 7. Nxd4 Bg7 8.
Be3 Nf6 9. f3 O-O 10. O-O Nc6 11. Nc3 Rac8 12. b3 Rfd8 13. Qd2 e6 14. Rad1 d5
15. cxd5 exd5 16. Nxc6 bxc6 17. e5 Ne8 18. f4 f6 19. Qf2 fxe5 20. fxe5 Nc7 21.
Bxa7 Bxe5 22. Na4 Rf8 23. Qe3 Rxf1+ 24. Rxf1 Re8 25. Qf2 Ne6 26. Be3 Rf8 27. Qh4
Rxf1+ 28. Kxf1 Qf7+ 29. Qf2 Bxh2 30. Qxf7+ Kxf7 31. Nc5 Nxc5 32. Bxc5 Ke6 33.
a4 Bd6 34. Bf2 Bb4 35. Ke2 h5 36. Bb6 c5 37. Kf3 Kd6 38. Bd8 Kd7 39. Bf6 Ba5 40.
Kf4 Bd2+ 41. Ke5 Bc3+ 42. Kxd5 Bxf6 43. Kxc5 g5 44. Kd5 g4 45. Ke4 Kc6 46. Kf4
Kc5 47. g3 Kb4 48. Kf5 Bd8 49. Kf4 Kc5 50. a5 Kd4 51. a6 Bb6 52. b4 Kd3 53. b5
Ke2 0-1

[Event "XXXIII MIEDZYNARODOWE SZACHOWE MISTRZOSTWA MALOPOLSKI - Grupa A"]
[Site "Hotel Galaxy, ul. Gesia 22a, Krakow"]
[Date "1899-12-30"]
[Round "4.10"]
[White "Klepek, Witold"]
[Black "Lecki, Leonard"]
[Result "1/2-1/2"]
[WhiteTitle "k++"]
[BlackTitle "I+"]
[WhiteElo "2236"]
[BlackElo "1914"]

1. e4 d5 2. exd5 Qxd5 3. Nc3 Qa5 4. d4 Nf6 5. Bc4 c6 6. Nf3 Bg4 7. h3 Bxf3 8. Qxf3
e6 9. O-O Nbd7 10. a3 Bd6 11. Bd3 O-O 12. Ne4 Nxe4 13. Qxe4 Nf6 14. Qh4 Qh5 15.
Qxh5 Nxh5 16. Re1 Rfd8 17. Be3 Rac8 18. Rad1 h6 19. Be2 Nf4 20. Bf3 b5 21. Bxf4
Bxf4 22. c3 a5 23. a4 Bd6 24. Ra1 b4 25. Rec1 bxc3 26. Rxc3 Rb8 27. b3 c5 28.
dxc5 Be5 29. Rac1 Bxc3 30. Rxc3 Rd7 31. c6 Rc7 32. Be2 Kf8 33. Bb5 Ke7 34. Kf1
Kd6 35. Ke2 Kd5 36. Rd3+ Kc5 37. Kd2 Rxb5 38. axb5 Kxb5 39. Rd6 Kc5 40. Rd8 Kxc6
41. Kc3 Kb5+ 42. Kb2 Rc5 43. Rd7 Rf5 44. f3 h5 45. Kc3 h4 46. Rd4 Rc5+ 47. Kb2
Rd5 48. Rg4 g5 49. Kc3 f6 50. Re4 Rc5+ 51. Kb2 Re5 52. Rxe5+ fxe5 53. Ka3 e4 54.
fxe4 e5 55. Kb2 Kb4 56. Kc2 a4 57. bxa4 Kxa4 58. Kc3 Kb5 59. Kb3 Kc5 60. Kc3 Kb5
1/2-1/2

[Event "XXXIII MIEDZYNARODOWE SZACHOWE MISTRZOSTWA MALOPOLSKI - Grupa A"]
[Site "Hotel Galaxy, ul. Gesia 22a, Krakow"]
[Date "1899-12-30"]
[Round "4.11"]
[White "Karut, Kacper"]
[Black "Aymerich Verdaguer, Eduard"]
[Result "0-1"]
[WhiteTitle "I"]
[BlackTitle "CM"]
[WhiteElo "1954"]
[BlackElo "2189"]

1. e4 c5 2. Nf3 e6 3. d4 cxd4 4. Nxd4 Nc6 5. Nc3 Qc7 6. Be2 a6 7. O-O Nf6 8. Be3
Be7 9. f4 d6 10. Kh1 O-O 11. Qe1 Nxd4 12. Bxd4 b5 13. e5 dxe5 14. Bxe5 Qb6 15.
Bd3 Bb7 16. Qh4 h6 17. Rae1 b4 18. Nd1 Rfe8 19. Qg3 Rad8 20. Ne3 Qc5 21. Bxf6
Bxf6 22. Ng4 Kf8 23. Nxf6 gxf6 24. f5 e5 25. Qh4 Kg7 26. Be4 Bxe4 27. Rxe4 Rd4
28. Qg4+ Kh7 29. Qh5 Qc4 30. Ree1 Rg8 31. Rf2 Rg5 32. Qh3 Qd5 33. Qe3 Rgg4 34.
Ref1 Rdf4 35. Qe2 Rxf2 36. Rxf2 Re4 37. Qf1 Rd4 38. Qxa6 Qxa2 39. Qf1 Qxb2 40.
h3 Qc3 41. Qa6 Rd1+ 42. Kh2 e4 43. Qa7 Qe5+ 44. g3 Kg7 45. Qe3 Ra1 46. Rf4 Ra2
47. Rg4+ Kh7 48. Qb3 Ra7 49. Qe3 Rc7 50. Qxe4 Qb2 51. Rf4 Rxc2+ 52. Kg1 b3 53.
Qb7 Rc1+ 54. Rf1 Rxf1+ 55. Kxf1 Kg7 56. Qb4 h5 0-1

[Event "XXXIII MIEDZYNARODOWE SZACHOWE MISTRZOSTWA MALOPOLSKI - Grupa A"]
[Site "Hotel Galaxy, ul. Gesia 22a, Krakow"]
[Date "1899-12-30"]
[Round "4.12"]
[White "Markowski, Damian"]
[Black "Kondys, Piotr"]
[Result "0-1"]
[WhiteTitle "FM"]
[BlackTitle "I"]
[WhiteElo "2160"]
[BlackElo "1929"]

1. e4 e5 2. Nf3 Nc6 3. Bc4 Bc5 4. c3 Nf6 5. d3 d6 6. h3 h6 7. a4 a6 8. Nbd2 Ba7
9. Nf1 Ne7 10. Ng3 c6 11. Bb3 Qc7 12. Be3 Bxe3 13. fxe3 d5 14. a5 Be6 15. O-O
Rd8 16. Qc2 Ng6 17. Rf2 O-O 18. Nh2 Nd7 19. Qe2 Nc5 20. Bc2 dxe4 21. Nxe4 Nxe4
22. dxe4 Qe7 23. b4 Rd7 24. Nf1 Rfd8 25. Ng3 Qg5 26. Kh2 Rd2 27. Qe1 R2d7 28.
Qe2 Rd2 29. Qe1 R2d7 30. Qe2 h5 31. Nf5 Rd2 32. Qe1 R2d7 33. Rd1 h4 34. Rxd7 Rxd7
35. Rd2 Bxf5 36. exf5 Qg3+ 0-1